60th Czech-Slovak Graph Theory Conference : Book of Abstracts
Salvato in:
| Ente Autore: | |
|---|---|
| Natura: | Atti del Convegno Libro |
| Lingua: | inglese |
| Pubblicazione: |
Plzeň :
Západočeská univerzita v Plzni,
2025
|
| Tags: |
Nessun Tag, puoi essere il primo ad aggiungerne!!
|
MARC
| LEADER | 00000nam a22000003a 4500 | ||
|---|---|---|---|
| 001 | 0115772 | ||
| 003 | SK-STU | ||
| 005 | 20250605091626.8 | ||
| 007 | ta | ||
| 008 | 250605s ----xo-----e------000-0-----d | ||
| 040 | |a STU |b slo | ||
| 041 | 0 | |a eng |b eng | |
| 044 | |a xr | ||
| 111 | 2 | |a Czech-Slovak Graph Theory Conference. |n 60th |d 26. - 30.5.2025 : |c Hluboká nad Vltavou, Česká republika | |
| 245 | 1 | 0 | |a 60th Czech-Slovak Graph Theory Conference : |b Book of Abstracts |
| 260 | |a Plzeň : |b Západočeská univerzita v Plzni, |c 2025 | ||
| 300 | |a 40 s. | ||
| 996 | |c V* 2672/sc-25 |l VV11 |s P |a 0 |w 0115772_0001 | ||